000
00271nam a2200109Ia 4500
008
240731s9999 xx 000 0 und d
245
0
_a
Project Appraisal
260
_b
Taylor & Francis
856
_u
https://www.tandfonline.com/loi/tiap18
942
_2
ddc
942
_c
TFEJ
999
_c
79047
_d
79047
945
_a
1
_b
Madushi Gamage
_c
1
_d
Madushi Gamage